| 000 | 00607nam a2200217 a 4500 | ||
|---|---|---|---|
| 005 | 20210219153329.0 | ||
| 008 | 991125n 000 0 u | ||
| 035 | _aUPN01000091667 | ||
| 100 | _aHowley, Aimee | ||
| 222 | _aEDUCATIONAL THEORY | ||
| 245 | _aPastoral power and the contemporary university : a foucauldian analysis | ||
| 300 | _a271-283 | ||
| 362 | _a42, No. 3, 1992 | ||
| 505 | _aAbril 1993 | ||
| 653 | 0 | _aESTRUCTURA DEL PODER | |
| 653 | 0 | _aFACTORES RELIGIOSOS | |
| 653 | 0 | _aPOLITICAS DE EDUCACION | |
| 653 | 0 | _aROL DE LA ENSE\197ANZA | |
| 904 |
_aAC _b029478 |
||
| 905 | _aArticulo | ||
| 999 |
_c74063 _d74063 |
||